Statistiken für Mathe allgemein leicht 1

Klicken Sie hier um das Quiz zu spielen!

Allgemein

  • Dieses Quiz wurde 1.975 mal gespielt
  • Das Durchschnittsergebnis liegt bei 13 aus 15

Antwortstatistiken

FrageAntwort% Korrekt
5*7+843
99%
(9+7)*232
98%
1% von 100€1€
97%
8=4x. Wie viel entspricht das in x?2=x
96%
125
95%
5*6+7*244
95%
x+4=y. Was ist x, wenn y 2 ist?-2
94%
Wie viele Ganze entspricht 9/3?3
94%
Eine Frau backt 5 Brote in 3 Stunden. In wie vielen Stunden hat sie 25 Brote gebacken?15 Stunden
92%
12*x=144. Was ist x?x=12
91%
(1*2)*(3*4)24
90%
Berechne das Volumen eines Würfels mit der Kantenlänge 5cm125cm³
84%
2/5+4/104/5
76%
12-3x=x-44=x
71%
Wie viel cm² sind 5dm²?500cm²
49%

Verteilung der Resultate

Perzentil nach korrekt beantworteten Fragen

Anzahl Personen mit jedem Resultat

Ihre Resultats-Entwicklung

Sie haben dieses Quiz noch nicht gespielt